|
|
|
|
| LEADER |
01088nam a22003014a 4500 |
| 001 |
33384 |
| 003 |
BD-DhAAL |
| 005 |
20180715110956.0 |
| 008 |
180714t2001 maua b 001 0 eng |
| 999 |
|
|
|c 39771
|d 39771
|
| 010 |
|
|
|a 00050827
|
| 020 |
|
|
|a 0750673672 (pbk. : alk. paper)
|
| 020 |
|
|
|a 9780750673679
|
| 040 |
|
|
|a DLC
|c DLC
|d DLC
|d BD-DhAAL
|
| 042 |
|
|
|a pcc
|
| 050 |
0 |
0 |
|a TH9705
|b .G37 2001
|
| 082 |
0 |
0 |
|a 658.473
|2 21
|
| 100 |
1 |
|
|a Garcia, Mary Lynn.
|9 27267
|
| 245 |
1 |
4 |
|a The design and evaluation of physical protection systems /
|c Mary Lynn Garcia.
|
| 260 |
|
|
|a Boston :
|b Butterworth-Heinemann,
|c c2001.
|
| 300 |
|
|
|a xviii, 313 pages :
|b illustrations ;
|c 26 cm.
|
| 504 |
|
|
|a Includes bibliographical references and index.
|
| 526 |
|
|
|a ARC
|
| 541 |
|
|
|e 33384
|
| 650 |
|
0 |
|a Security systems.
|9 27268
|
| 852 |
|
|
|a Department of Architecture
|c General Stacks
|
| 942 |
|
|
|2 ddc
|c BK
|
| 952 |
|
|
|0 0
|1 0
|2 ddc
|4 0
|6 658_473000000000000_GAR
|7 0
|9 63799
|a BRACUL
|b BRACUL
|c GEN
|d 2018-07-15
|l 0
|o 658.473 GAR
|p 3010033384
|r 2018-07-15
|t 1
|w 2018-07-15
|y BK
|x Transferred from ARC to BRACUL on 28/12/2023
|